000 00659nam a22002297a 4500
001 34848
003 BD-RjUL
005 20211209052224.0
008 140519t2004 ii |||| |||| 001 0 eng d
020 _a8187606568
035 _a(BD-RjUL)34942
040 _aBD-RjUL
_beng
_cBD-RjUL
041 _aeng
082 0 4 _a304.62954
_bKOS 2004
100 1 _aKonar, Dhirendra Nath
_9106074
245 1 4 _aThe scenario of population growth in India /
_cDhirendra nath konar
260 _aNew Delhi :
_bAkansha Pub. House,
_c 2004.
300 _axiv, 205 p. ;
_c22 cm,
504 _aincludes index.
650 0 7 _a India -- Population.
_95366
942 _2ddc
_cBK
999 _c34848
_d34848